000 005430000a22001810004500
003 MACL
005 20160407162844.0
008 160407b xxu||||| |||| 00| 0 eng d
040 _aMACL
_cMACL
041 _aHindi
082 _a610
100 _aभटनागर विमला
_951101
245 _aप्राथमिक चिकित्‍सा एवं उपचार
260 _bबृज पब्लिशर्स
_c2005
_aबीकानेर
350 _a70
650 _aDisease
_951102
942 _cHIN
_k610
_2ddc
999 _c12520
_d12520